Vista normal
Vista MARC
Entrada Topical Term
Número de registros utilizados en: 1
001 - CONTROL NUMBER
- control field: 8715
003 - CONTROL NUMBER IDENTIFIER
- control field: OSt
005 - DATE AND TIME OF LATEST TRANSACTION
- control field: 20200813120934.0
008 - FIXED-LENGTH DATA ELEMENTS
- fixed length control field: 200813|| aca||aabn | a|a d
040 ## - CATALOGING SOURCE
- Original cataloging agency: OSt
- Transcribing agency: OSt
150 ## - HEADING--TOPICAL TERM
- Topical term or geographic name entry element: Extensión
- General subdivision: pólizas
670 ## - SOURCE DATA FOUND
- Source citation: Work cat.: (OSt)6002: Narváez Bonnet, Jorge Eduardo, autor 8713, El seguro global para entidades financieras : , 1986